Central Library OPAC University of Rajshahi

Joint torts and contributory negligence : (Record no. 60214)

MARC details
000 -LEADER
fixed length control field 00817nam a2200229 a 4500
001 - CONTROL NUMBER
control field 60214
003 - CONTROL NUMBER IDENTIFIER
rucl marc code BD-RjUL
005 - DATE AND TIME OF LATEST TRANSACTION
control field 20211209080821.0
008 - FIXED-LENGTH DATA ELEMENTS--GENERAL INFORMATION
fixed length control field 161230r19531951enk 001 0 eng d
035 ## - SYSTEM CONTROL NUMBER
System control number (BD-RjUL)60338
040 ## - CATALOGING SOURCE
Original cataloging agency DLC
Transcribing agency TXQ
Modifying agency m.c
-- BD-RjUL
Language of cataloging eng
041 ## - LANGUAGE CODE
Language code of text/sound track or separate title eng
082 ## - DEWEY DECIMAL CLASSIFICATION NUMBER
Edition number 23
Author mark and year WIJ 1953
Classification number 346.4103
100 1# - MAIN ENTRY--PERSONAL NAME
Personal name Williams, Glanville Llewelyn,
Dates associated with a name 1911-1997.
9 (RLIN) 179254
245 10 - TITLE STATEMENT
Title Joint torts and contributory negligence :
Remainder of title a study of concurrent fault in Great Britain, Ireland and the common-law dominions /
Statement of responsibility, etc. Glanville L. Williams.
260 ## - PUBLICATION, DISTRIBUTION, ETC. (IMPRINT)
Place of publication, distribution, etc. London :
Name of publisher, distributor, etc. Stevens,
Date of publication, distribution, etc. 1951 [ second impression 1953 ]
300 ## - PHYSICAL DESCRIPTION
Pagination xlix, 558 p. ;
Size 25 cm.
500 ## - GENERAL NOTE
General note Includes index.
650 #0 - SUBJECT ADDED ENTRY--TOPICAL TERM
Topical term or geographic name as entry element Negligence, Contributory
Geographic subdivision Great Britain.
9 (RLIN) 179255
Topical term or geographic name as entry element Torts
Geographic subdivision Great Britain.
9 (RLIN) 177056
942 ## - ADDED ENTRY ELEMENTS (KOHA)
Source of classification or shelving scheme Dewey Decimal Classification
Koha item type Books
Holdings
Lost status Source of classification or shelving scheme Damaged status Not for loan Collection code Permanent Location Current Location Shelving location Date acquired Source of acquisition Cost, normal purchase price Total Checkouts Full call number Date last seen Copy number Koha item type
  Dewey Decimal Classification   Not For Loan Non-fiction Central Library, University of Rajshahi Central Library, University of Rajshahi Reading Room 11/11/1963 Zeitlinger 75.00   346.4103 WIJ 1953 29/12/2016 C-1 Books